Direct foreign investment in the non- oil sectors of the Iranian economy
Enregistré dans:
| Auteur principal: | |
|---|---|
| Format: | Livre |
| Langue: | Undetermined |
| Publié: |
New York
Yales University Press
1961
|
| Sujets: | |
| Tags: |
Ajouter un tag
Pas de tags, Soyez le premier à ajouter un tag!
|
| Thư viện lưu trữ: | Trung tâm Học liệu Trường Đại học Cần Thơ |
|---|
| LEADER | 00522nam a2200181Ia 4500 | ||
|---|---|---|---|
| 001 | CTU_87042 | ||
| 008 | 210402s9999 xx 000 0 und d | ||
| 082 | |a 332 | ||
| 082 | |b N948 | ||
| 100 | |a Nowshirvani, Vahid F. | ||
| 245 | 0 | |a Direct foreign investment in the non- oil sectors of the Iranian economy | |
| 245 | 0 | |c Vahid F. Nowshirvani | |
| 260 | |a New York | ||
| 260 | |b Yales University Press | ||
| 260 | |c 1961 | ||
| 650 | |a Investment | ||
| 904 | |i Truc | ||
| 980 | |a Trung tâm Học liệu Trường Đại học Cần Thơ | ||